| 000 | 00936cam a2200253 4500 | ||
|---|---|---|---|
| 008 | 040505n2003 000 0 eng u | ||
| 020 | _a1860816207 | ||
| 035 | _a(Sirsi) u128386 | ||
| 041 | _aeng | ||
| 050 |
_a691.1 _c18 |
||
| 100 | _aBenham, C. | ||
| 245 | _aGuide to machine strength grading of timber. | ||
| 260 |
_aWatford _bBRE _c2003 |
||
| 300 |
_a12p. _c30cm. |
||
| 490 |
_aBRE Digest _v476 |
||
| 520 | _aProvides a guide to the grading of timber by machine. Aims to improve knowledge of the process and highlight its benefits. It also explains some aspects of statistics, the concept of distribution, and modification and adjustment factors which are integral to timber grading practice. | ||
| 650 | _aTIMBER | ||
| 690 | _aBUILT ENVIRONMENT-BUILDING MATERIALS | ||
| 700 | _aHolland, C. | ||
| 700 | _aEnjily, V. | ||
| 710 |
_aForestry Commission _9804 |
||
| 710 | _aBuilding Research Establishment | ||
| 942 | _n0 | ||
| 999 |
_c103904 _d103904 |
||